000 00219nam a22000857a 4500
008 170301b xxu||||| |||| 00| 0 eng d
100 _92979
_aGulland .M
245 _aDictionary Of English Idions
260 _aUSA
_bPenguin
_c2000
999 _c6223
_d6223